000 01267naa a22002657a 4500
008 241206e20241118xxk||||os||||o00| 0 eng d
041 _aeng
245 _aJing, Gubbay & Ors v Avon Ground Rents Limited
260 _aLON/00BK/BSA/2024/0004,
_bFirst-Tier Tribunal Property Chamber,
_c18 November 2024
520 _aResidential Property Tribunal Decision of Judge Robert Latham and John Stead BSc (Hons) MSc (H-W) on Date 18 November 2024. With regard to 8 Artillery Row, London, SW1P 1RZ and request by leaseholder applicants for a remediation order under the Building Safety Act 2022. Issues included timber balconies and a plant room with an arch roof which was plywood lined and therefore combustible.
650 _aBALCONIES
650 _aBUILDING SAFETY ACT 2022
650 _aCLADDING
650 _aDEFECTIVE MATERIALS
650 _aCOMBUSTIBLE MATERIALS
650 _aFIRE SAFETY
650 _aHOUSING ACT 2004
650 _aHIGHER-RISK BUILDINGS
650 _aPLANT ROOMS
650 _aREMEDIATION
650 _aREMEDIATION ORDERS
650 _aJUDGMENT
651 _aUnited Kingdom
856 _uhttps://assets.publishing.service.gov.uk/media/67473f7b886c31e352d8d0ea/20241118_Final_Decision_Artillery_Row_Latham.pdf
_zAvailable from FTT
999 _c122071
_d122071